MDQL
is popping MORE tags! Check the
thread
!
Quizzes
Events
Quiz Creation
Community
Videos
Private Events
Remove Ads
Sign In
Join for FREE
Feedback
Dark Mode
Quiz Categories
Sports
Geography
Music
Movies
Television
Just For Fun
Miscellaneous
History
Literature
Language
Science
Gaming
Entertainment
Religion
Holiday
For Kids
Quiz Lab
Recent
Popular Today
Quiz Kudos Today
Editor Picks
Curator Picks
Quizzes by...
Day
Popularity
Type
Ratings
Length
Year
Community
Subscriptions
Recent Discussions
Orange Saloon
Badges
Playlists
Quests
Create
Leaderboards
Showdown
Live 5
Trivia Bingo
Activity
Puzzle Library
Sporcle Events
Private Events
Virtual Trivia
Globe League
Become a Host
Pub Owners
SporcleCon
Opinionation
Our Games
Videos
Blog
Mobile Apps
Partnerships
Remove Ads and Go Orange
Feedback
Music
Pop Music
The Beatles
Song
Album
Lyrics
Bands
Singers
Artist
Clip
Rock
Rap
Classical
Billboard
Country Music
Kpop
Taylor Swift
Music
Pop Music
The Beatles
Song
Album
Lyrics
Bands
Singers
Artist
Clip
Rock
Rap
Classical
Billboard
Country Music
Kpop
Taylor Swift
Random Quiz
Search Sporcle
×
Quiz Lab
Quiz Lab
Music
Kpop
Type answers based on single images at one time
Type answers based on single images at one time
Slideshow
Best Score? Go Orange.
Can you name all of SF9? Stats
Can you name all of SF9?
By
onewdongwoon
15m
30 Questions
2,648 Plays
2,648 Plays
2,648 Plays
Comments
Comments
Give Quiz Kudos
Give Quiz Kudos
-
- Ratings
hide this ad
Replay
Link that replays current quiz
Next Quiz
Link to next quiz in quiz playlist
You Got
0%
They Got
Avg Score
50%
Avg Friend Score
Upgrade to see
Score Distribution
Jump to the score distribution portion of the page
Score
0/30
Timer
15:00
0
Plays Today
% Correct
Dawon
95.5%
Rowoon
82.9%
Jaeyoon
76.2%
Taeyang
75.9%
Zuho
72.5%
Chani
71.8%
Youngbin
69.7%
Hwiyoung
59.6%
Hwiyoung
55.3%
Inseong
51.5%
Zuho
47.6%
Chani
46.9%
Inseong
46%
Hwiyoung
45.9%
Dawon
45.6%
% Correct
Rowoon, Zuho, Taeyang, Hwiyoung, Chani, Dawon, Youngbin, Jaeyoon, Inseong
43.8%
Zuho
43.5%
Youngbin
42.8%
Chani
41.8%
Dawon
41.8%
Rowoon
41.7%
Taeyang
41.4%
Jaeyoon
40.7%
Inseong
40.6%
Rowoon
38.5%
Youngbin
38.3%
Jaeyoon
36.7%
Zuho, Taeyang, Dawon, Hwiyoung, Jaeyoon, Youngbin, Rowoon, Chani, Inseong
34.3%
Taeyang
33.5%
Youngbin, Chani, Jaeyoon, Zuho, Inseong, Hwiyoung, Dawon, Rowoon, Taeyang
23.7%
Quiz Playlist
Details
Report
Send in Message
Add To Playlist
Slideshow:
Type answers based on single images at one time
Last Updated: Mar 7, 2017
Quiz Scoreboard
CHALLENGE
Sign Up to Join the Scoreboard
Show All
Scores
Hide
Comments
May contain spoilers
Recently Published
Colored Red Africa Blitz
by spor1
Geography
30s
Find the 'City' Movie
by crazypaving
Movies
60s
5x2 Blitz: Bands
by SL_Kpop136
Music
30s
More to Explore
Quiz From the Vault
Featured Blog Post
14 Easter Pick-up Lines to Find Eggs With
hide this ad
You Might Also Like...
Tags
Kpop Quiz
Kpop Quiz
Today's Top Quizzes in Music
Browse Music
hide this ad
Today's Top Quizzes in Kpop
Browse Kpop
Top Contributed Quizzes in Music
1
5X2 Blitz: Bands II
2
Taylor Swift All Songs (2024)
3
Taylor Swift Logic Puzzle II
4
5X2 Blitz: The Beatles
5
5X2 Blitz: Billboard
6
Taylor Swift Logic Puzzle
7
5X2 Blitz: Billboard II
8
5X2 Blitz: Album
9
5X2 Blitz: Singers
10
Music Artist by Three 2010s hits
Explore More
Trending Topics
NBA
Crossword
Anime
Harry Potter
Disney
Kpop
Marvel
Soccer
WWE
Pokémon
NFL
Song
Puzzle
The Office
Country
hide this ad
More By:
onewdongwoon
Quiz
Plays
Rating
Category
Featured
Created
How well do you know BTS? (Easy)
4,379
3.40
Music
Nov 7, 2016
Match the kpop leaders to their groups.
3,424
4.42
Music
Nov 14, 2016
How well do you know Seventeen?
2,912
4.33
Music
Nov 7, 2016
Can you name all of SF9?
2,648
4.00
Music
Nov 14, 2016
Ca you match the kpop song to the right group? (Short)
2,467
3.75
Music
Nov 7, 2016
Go to Creator's Profile
Score Distribution
Quiz Creator Spotlight
onewdongwoon
Follow
Send a Message
Quizzes Created
-
Created Quiz Play Count
-
More By This Creator
Popular Quizzes Today
1
Colored Red Africa Blitz
2
Find the 'City' Movie
3
Find the US States - No Outlines Minefield
4
5x2 Blitz: Bands
5
The Countries of the World
6
Find the US States
7
US States
8
9x9 Crossword: Cartoon Network
More Music Quizzes
Walking Songs
Published
Trending Quizzes
Colored Red Europe Blitz I
Colored Red Europe Blitz II
Colored Red Africa Blitz II
Colored Red Africa Blitz III
Colored Red Europe Blitz III
Recently Updated
2024 March Madness Bracket
pecheneg
Famous TV Couples
Peacemaker
Champions League XIs: Real Madrid
pecheneg
Largest US Cities 1790-2010
pecheneg
Rides in Walt Disney World
pecheneg
Most Oscar Losses (Acting)
pecheneg
Beyoncé Albums
pecheneg
Leaping Animals
pecheneg
Reality TV Shows (A-Z)
bhenderson79
Rickey Henderson's Hall of Fame Teammates
pecheneg
Trending Topics
Marvel
Disney
Kpop
Harry Potter
Crossword
NBA
Anime
Soccer
NFL
Puzzle
Country
Pokémon
WWE
Song
The Office
Your Account Isn't Verified!
In order to create a playlist on Sporcle, you need to verify the email address you used during registration. Go to your
Sporcle Settings
to finish the process.
Report this User
Report this user for behavior that violates our
Community Guidelines
.
Details:
Send Report
Go to the Sporcle.com Mobile Site →
Comments